Statistics for Click the World Cities Based on Location A-Z

Click here to take the quiz!

General Stats

  • This quiz has been taken 1,313 times
  • The average score is 19 of 26

Answers on the Map

Answers color-coded by a green-red scale on the quiz's map according to % correct below.
 

Answer Stats

Answer% Correct
Perth
90%
Jakarta
88%
Antananarivo
85%
Mexico City
85%
Lima
84%
Oslo
83%
Houston
81%
Nashville
81%
Washington DC
81%
Brussels
80%
Edinburgh
80%
Vienna
78%
Recife
77%
Tel-Aviv
77%
Khartoum
76%
Zagreb
75%
Dakar
73%
Yerevan
67%
Guangzhou
65%
Chennai
64%
Ufa
63%
Xi'an
62%
Qingdao
59%
Ibadan
58%
Faisalabad
56%
Surat
41%

Score Distribution

Percentile by Number Answered

Percent of People with Each Score

Your Score History

You have not taken this quiz